[Event "DEM U18w 2012"]
[Site "Oberhof GER"]
[Date "2012.05.29"]
[Round "5"]
[White "Stark, Saskia"]
[Black "Zeller, Elisa"]
[Result "1/2-1/2"]
[Termination "normal"]
[Board "2"]
[WhiteElo "1980"]
[BlackElo "1828"]
[PlyCount "44"]
[WhiteFideId "4601050"]
[BlackFideId "24662410"]
[EventCountry "GER"]
[EventRounds "9"]
[EventType "swiss"]
[EventDate "2012.05.26"]

1. e4 d6 2. d4 Nf6 3. Nc3 g6 4. Be3 Bg7 5. h3 Nbd7 6. Nf3 e5 7. dxe5 dxe5 8.
Bc4 O-O 9. O-O a6 10. a4 Rb8 11. Qe2 Qe7 12. Nd2 Nb6 13. Bb3 Be6 14. a5 Nbd7
15. Rfd1 Rbd8 16. Bxe6 Qxe6 17. Qc4 Qxc4 18. Nxc4 Nb8 19. Rxd8 Rxd8 20. Nxe5
Re8 21. f4 Nh5 22. g4 Nxf4 1/2-1/2

[Event "DEM U18w 2012"]
[Site "Oberhof GER"]
[Date "2012.05.29"]
[Round "5"]
[White "Schulz, Anja"]
[Black "Schrader, Elanor"]
[Result "1/2-1/2"]
[Termination "normal"]
[Board "3"]
[WhiteElo "2124"]
[BlackElo "1597"]
[PlyCount "73"]
[WhiteFideId "24647845"]
[BlackFideId "12951919"]
[EventCountry "GER"]
[EventRounds "9"]
[EventType "swiss"]
[EventDate "2012.05.26"]

1. e4 c5 2. Nf3 Nc6 3. d4 cxd4 4. Nxd4 g6 5. Nc3 Bg7 6. Be3 Nf6 7. Bc4 O-O 8.
Bb3 d6 9. f3 Bd7 10. Qd2 Nxd4 11. Bxd4 b5 12. a4 b4 13. Ne2 Qa5 14. h4 h5 15.
Be3 Qe5 16. Nd4 d5 17. Bf4 Nxe4 18. fxe4 Qxd4 19. Qxd4 Bxd4 20. O-O-O e5 21.
Bh6 Rfd8 22. Bg5 Rdc8 23. Rhf1 Rab8 24. Kb1 Rb6 25. exd5 Bf5 26. Be7 Rb7 27. d6
a5 28. Rde1 Rd7 29. Re2 Rc6 30. g4 hxg4 31. h5 Kg7 32. hxg6 fxg6 33. Bd5 Rb6
34. Be4 Bc5 35. Bxf5 gxf5 36. Rxf5 Bxd6 37. Bxd6 1/2-1/2

[Event "DEM U18w 2012"]
[Site "Oberhof GER"]
[Date "2012.05.29"]
[Round "5"]
[White "Schmitt, Katrin"]
[Black "Sancar, Alina"]
[Result "0-1"]
[Termination "normal"]
[Board "4"]
[WhiteElo "1827"]
[BlackElo "1818"]
[PlyCount "72"]
[WhiteFideId "24654400"]
[BlackFideId "4624750"]
[EventCountry "GER"]
[EventRounds "9"]
[EventType "swiss"]
[EventDate "2012.05.26"]

1. e4 e5 2. Nf3 Nc6 3. Bc4 Bc5 4. c3 Nf6 5. d3 d6 6. Bb3 Bg4 7. Nbd2 O-O 8. h3
Be6 9. O-O Bb6 10. Re1 Bxb3 11. Qxb3 Nd7 12. Nc4 Nc5 13. Qc2 Ne6 14. Ne3 Ne7
15. Nh4 Nf4 16. Nhf5 Neg6 17. Kh2 Nh4 18. Nxh4 Qxh4 19. Rf1 Qg5 20. g3 Ne6 21.
Nd5 Qd8 22. Nxb6 axb6 23. f4 f5 24. fxe5 fxe4 25. Rxf8+ Qxf8 26. dxe4 Qf1 27.
Qg2 Rf8 28. Qxf1 Rxf1 29. Kg2 Re1 30. exd6 cxd6 31. Kf2 Rh1 32. h4 Nc5 33. Ke3
Re1+ 34. Kd2 Rg1 35. b3 Rxg3 36. Bb2 Rg2+ 0-1

[Event "DEM U18w 2012"]
[Site "Oberhof GER"]
[Date "2012.05.29"]
[Round "5"]
[White "Lange, Anika"]
[Black "Mehling, Franziska"]
[Result "1-0"]
[Termination "normal"]
[Board "6"]
[WhiteElo "1621"]
[BlackElo "1732"]
[PlyCount "47"]
[WhiteFideId "24693405"]
[BlackFideId "12900133"]
[EventCountry "GER"]
[EventRounds "9"]
[EventType "swiss"]
[EventDate "2012.05.26"]

1. d4 Nf6 2. Nf3 d5 3. e3 Bf5 4. Be2 e6 5. c4 c6 6. O-O h6 7. b3 Nbd7 8. Bb2
Bd6 9. Ne5 Qb8 10. f4 O-O 11. Nd2 c5 12. Kh1 Qc7 13. Qe1 Ne4 14. cxd5 exd5 15.
Nxe4 Bxe4 16. Nxd7 Qxd7 17. dxc5 Bxc5 18. Qc3 d4 19. Qxc5 d3 20. Qe5 Bxg2+ 21.
Kxg2 f6 22. Qd4 Qxd4 23. Bxd4 dxe2 24. Rfe1 1-0

[Event "DEM U18w 2012"]
[Site "Oberhof GER"]
[Date "2012.05.29"]
[Round "5"]
[White "Bornschier, Lisa"]
[Black "Schäfer, Ann-Kathrin"]
[Result "0-1"]
[Termination "normal"]
[Board "7"]
[WhiteElo "1347"]
[BlackElo "1701"]
[PlyCount "58"]
[WhiteFideId "12951927"]
[BlackFideId "24615412"]
[EventCountry "GER"]
[EventRounds "9"]
[EventType "swiss"]
[EventDate "2012.05.26"]

1. c4 e5 2. Nc3 Nc6 3. g3 Bc5 4. Bg2 a6 5. a3 d6 6. b4 Ba7 7. Nf3 Nf6 8. d3 h6
9. O-O O-O 10. h3 Be6 11. e3 e4 12. Ne1 exd3 13. Nd5 Ne5 14. Bb2 c6 15. Nxf6+
Qxf6 16. Bxe5 Qxe5 17. Nxd3 Qc3 18. Re1 Bxc4 19. Bf1 Bxd3 20. Bxd3 d5 21. Qe2
Rae8 22. Rec1 Qe5 23. Qg4 Bxe3 24. Re1 Qc3 25. Qf5 g6 26. Qf3 Bb6 27. Rec1 Qd4
28. Rf1 Re6 29. Rad1 Qb2 0-1

[Event "DEM U18w 2012"]
[Site "Oberhof GER"]
[Date "2012.05.29"]
[Round "5"]
[White "Kostre, Margarita"]
[Black "Marx, Inga"]
[Result "1/2-1/2"]
[Termination "normal"]
[Board "8"]
[WhiteElo "1764"]
[BlackElo "1804"]
[PlyCount "42"]
[WhiteFideId "4673344"]
[BlackFideId "4654749"]
[EventCountry "GER"]
[EventRounds "9"]
[EventType "swiss"]
[EventDate "2012.05.26"]

1. e4 c5 2. Nf3 Nc6 3. d4 cxd4 4. Nxd4 e5 5. Nb5 a6 6. Nd6+ Bxd6 7. Qxd6 Qf6 8.
Qxf6 Nxf6 9. Nc3 d5 10. exd5 Nb4 11. Bd3 Nxd3+ 12. cxd3 Bf5 13. O-O O-O 14. Bg5
Nd7 15. Be3 Bxd3 16. Rfd1 Bf5 17. Rac1 Rac8 18. d6 Be6 19. Na4 f6 20. b3 h6 21.
h3 h5 1/2-1/2

[Event "DEM U18w 2012"]
[Site "Oberhof GER"]
[Date "2012.05.29"]
[Round "5"]
[White "Alt, Elisabeth"]
[Black "Serif, Amelie"]
[Result "0-1"]
[Termination "normal"]
[Board "9"]
[WhiteElo "1554"]
[BlackElo "1754"]
[PlyCount "78"]
[WhiteFideId "24692620"]
[EventCountry "GER"]
[EventRounds "9"]
[EventType "swiss"]
[EventDate "2012.05.26"]

1. d4 Nf6 2. Nf3 c5 3. c3 cxd4 4. cxd4 d5 5. Nc3 Bg4 6. Qb3 Bc8 7. Bf4 a6 8. e3
Nc6 9. Bd3 e6 10. O-O Bd6 11. Bxd6 Qxd6 12. Rac1 O-O 13. Rfd1 Bd7 14. e4 dxe4
15. Nxe4 Nxe4 16. Bxe4 Rac8 17. d5 Na5 18. Qe3 Rxc1 19. Qxc1 Rc8 20. Qe3 Bc6
21. Qc3 Qd8 22. Qd3 Bxd5 23. b4 Nc6 24. Bxh7+ Kf8 25. Qb1 g6 26. h4 Qf6 27. Ng5
Ne5 28. a4 Kg7 29. Re1 Nd7 30. Qd3 Nf8 31. Bxg6 Qxg6 32. Qd4+ Kg8 33. Re3 f6
34. Rg3 Qb1+ 35. Kh2 fxg5 36. Rxg5+ Kf7 37. Qf4+ Ke8 38. Qg4 Qe4 39. Qh5+ Kd7
0-1

[Event "DEM U18w 2012"]
[Site "Oberhof GER"]
[Date "2012.05.29"]
[Round "5"]
[White "Nolte, Katharina"]
[Black "Dietrich, Mareike"]
[Result "1/2-1/2"]
[Termination "normal"]
[Board "10"]
[WhiteElo "1507"]
[BlackElo "1433"]
[PlyCount "75"]
[WhiteFideId "12937584"]
[BlackFideId "12902470"]
[EventCountry "GER"]
[EventRounds "9"]
[EventType "swiss"]
[EventDate "2012.05.26"]

1. e4 c5 2. Nc3 Nc6 3. f4 g6 4. Nf3 Bg7 5. Bb5 Nd4 6. O-O e6 7. e5 Nxf3+ 8.
Qxf3 f5 9. d3 Ne7 10. Be3 Qc7 11. a3 a6 12. Bc4 Rb8 13. a4 d5 14. exd6 Qxd6 15.
Bf2 Nc6 16. Rfe1 O-O 17. Kh1 Kh8 18. a5 Bd7 19. Na4 Nd4 20. Bxd4 Bxd4 21. c3
Bg7 22. Nb6 Bc6 23. Qe3 Rfe8 24. Na4 Bxa4 25. Rxa4 e5 26. Ra3 e4 27. Rb3 Bh6
28. Rb6 Qxf4 29. Qxf4 Bxf4 30. dxe4 Rxe4 31. Rxe4 fxe4 32. Bd5 Rd8 33. c4 e3
34. Re6 Kg7 35. g3 Bh6 36. Kg2 Rf8 37. Bf3 Rd8 38. Bd5 1/2-1/2

[Event "DEM U18w 2012"]
[Site "Oberhof GER"]
[Date "2012.05.30"]
[Round "6"]
[White "Kühnel, Lena"]
[Black "Sancar, Alina"]
[Result "0-1"]
[Termination "normal"]
[Board "1"]
[WhiteElo "1927"]
[BlackElo "1818"]
[PlyCount "78"]
[WhiteFideId "24640956"]
[BlackFideId "4624750"]
[EventCountry "GER"]
[EventRounds "9"]
[EventType "swiss"]
[EventDate "2012.05.26"]

1. e4 e5 2. Nf3 Nc6 3. Bc4 Bc5 4. Nc3 d6 5. d3 h6 6. h3 Nf6 7. Ne2 a6 8. c3 Ba7
9. Ng3 Na5 10. O-O Nxc4 11. dxc4 Be6 12. Qe2 Qd7 13. Rd1 Qc6 14. b3 O-O-O 15.
a4 g5 16. Ne1 Rdg8 17. Nc2 a5 18. Na3 h5 19. Qf3 Nd7 20. Nf5 Kd8 21. g4 hxg4
22. hxg4 Bxf5 23. Qxf5 f6 24. Bd2 Ke7 25. b4 axb4 26. cxb4 Bd4 27. Rab1 Qxa4
28. Nb5 c6 29. Nxd4 exd4 30. Qf3 Ne5 31. Qg3 Rh4 32. f3 Rgh8 33. Kg2 Nxc4 34.
Kf1 Nxd2+ 35. Rxd2 Rh1+ 36. Ke2 Rxb1 37. Rxd4 Rb2+ 38. Ke3 Qa3+ 39. Rd3 Qxb4
0-1

[Event "DEM U18w 2012"]
[Site "Oberhof GER"]
[Date "2012.05.30"]
[Round "6"]
[White "Zeller, Elisa"]
[Black "Evers, Annika"]
[Result "1/2-1/2"]
[Termination "normal"]
[Board "2"]
[WhiteElo "1828"]
[BlackElo "1763"]
[PlyCount "65"]
[WhiteFideId "24662410"]
[BlackFideId "24691933"]
[EventCountry "GER"]
[EventRounds "9"]
[EventType "swiss"]
[EventDate "2012.05.26"]

1. e4 c5 2. Nf3 e6 3. d4 cxd4 4. Nxd4 Nf6 5. Nc3 Nc6 6. Ndb5 d6 7. Bf4 e5 8.
Bg5 a6 9. Na3 b5 10. Nd5 Be7 11. Bxf6 Bxf6 12. c3 O-O 13. Nc2 Bg5 14. g3 Ne7
15. Bg2 Nxd5 16. Qxd5 Be6 17. Qd3 Bc4 18. Qd1 Rc8 19. Nb4 f5 20. h4 Bh6 21. b3
Be6 22. exf5 Rxf5 23. O-O Rxc3 24. Nd5 Bxd5 25. Qxd5+ Rf7 26. Rad1 Rcc7 27.
Qxe5 Rf6 28. Qd5+ Kh8 29. a4 bxa4 30. bxa4 Rc2 31. Qd3 Qc8 32. Bb7 Qc5 33. Qd4
1/2-1/2

[Event "DEM U18w 2012"]
[Site "Oberhof GER"]
[Date "2012.05.30"]
[Round "6"]
[White "Schrader, Elanor"]
[Black "Stark, Saskia"]
[Result "1/2-1/2"]
[Termination "normal"]
[Board "3"]
[WhiteElo "1597"]
[BlackElo "1980"]
[PlyCount "87"]
[WhiteFideId "12951919"]
[BlackFideId "4601050"]
[EventCountry "GER"]
[EventRounds "9"]
[EventType "swiss"]
[EventDate "2012.05.26"]

1. e4 d5 2. exd5 Qxd5 3. Nc3 Qd6 4. d4 Nf6 5. Nf3 a6 6. g3 b5 7. Bg2 Bb7 8. O-O
e6 9. a3 Nbd7 10. Bf4 Qb6 11. Re1 Be7 12. Qd2 Rd8 13. Be3 c5 14. dxc5 Bxc5 15.
Bxc5 Nxc5 16. Qe3 O-O 17. b4 Ncd7 18. Qxb6 Nxb6 19. Ne5 Bxg2 20. Kxg2 Rc8 21.
Re3 Rfd8 22. a4 Nfd5 23. Nxd5 Nxd5 24. Rb3 Rxc2 25. axb5 axb5 26. Ra7 f6 27.
Nd3 Rc7 28. Ra5 Rb8 29. Nc5 Rb6 30. Ne4 Rc4 31. Nc5 Nxb4 32. Ra8+ Kf7 33. Ra7+
Kg6 34. Nd7 Rd6 35. Rb7 Rd2 36. Nf8+ Kh6 37. Rxb5 Nd3 38. Nxe6 Nxf2 39. Rb2
Rcc2 40. Rxc2 Rxc2 41. Nd4 Ra2 42. Nf5+ Kg6 43. Nh4+ Kh6 44. Nf5+ 1/2-1/2

[Event "DEM U18w 2012"]
[Site "Oberhof GER"]
[Date "2012.05.30"]
[Round "6"]
[White "Lange, Anika"]
[Black "Schulz, Anja"]
[Result "0-1"]
[Termination "normal"]
[Board "4"]
[WhiteElo "1621"]
[BlackElo "2124"]
[PlyCount "98"]
[WhiteFideId "24693405"]
[BlackFideId "24647845"]
[EventCountry "GER"]
[EventRounds "9"]
[EventType "swiss"]
[EventDate "2012.05.26"]

1. d4 Nf6 2. g3 g6 3. Bg2 Bg7 4. e4 d6 5. Nc3 O-O 6. Nge2 c6 7. a4 a5 8. h3
Nbd7 9. O-O e5 10. Be3 Qe7 11. Qd2 Rd8 12. Rad1 exd4 13. Bxd4 c5 14. Be3 Ne5
15. b3 Bxh3 16. f3 Be6 17. Nf4 Nc6 18. Ncd5 Bxd5 19. Nxd5 Nxd5 20. Qxd5 Nb4 21.
Qc4 Rac8 22. Bf2 Qe5 23. Bh3 Rb8 24. Rfe1 Qb2 25. Re2 Nc6 26. Red2 Qf6 27. Bg2
Rbc8 28. Qb5 Rc7 29. Qb6 Qe7 30. f4 f6 31. Qb5 Kh8 32. Qd3 g5 33. Qe2 gxf4 34.
gxf4 Bh6 35. Qf3 Qf8 36. c3 Rg7 37. Be3 Qe7 38. Kf1 Rg6 39. Rc1 Qf7 40. Rb2 f5
41. Rd1 fxe4 42. Qxe4 Re8 43. Qd3 Ne5 44. Qd5 Qf8 45. Be4 Ng4 46. Qd3 Rge6 47.
Re2 Nxe3+ 48. Rxe3 Qxf4+ 49. Kg1 Qxe3+ 0-1

[Event "DEM U18w 2012"]
[Site "Oberhof GER"]
[Date "2012.05.30"]
[Round "6"]
[White "Schäfer, Ann-Kathrin"]
[Black "Tran, My Linh"]
[Result "0-1"]
[Termination "normal"]
[Board "5"]
[WhiteElo "1701"]
[BlackElo "2030"]
[PlyCount "95"]
[WhiteFideId "24615412"]
[BlackFideId "24682462"]
[EventCountry "GER"]
[EventRounds "9"]
[EventType "swiss"]
[EventDate "2012.05.26"]

1. d4 d5 2. Nf3 Nf6 3. e3 Bf5 4. c4 c6 5. Nc3 e6 6. Nh4 Be4 7. f3 Bg6 8. Nxg6
hxg6 9. e4 dxe4 10. fxe4 Bb4 11. Bg5 Bxc3+ 12. bxc3 Qa5 13. e5 Ne4 14. Bd2 Ng3
15. Qb3 Qc7 16. Rg1 Nxf1 17. Rxf1 Rxh2 18. Rb1 b6 19. Rf2 Nd7 20. Ke2 Rh7 21.
Rbf1 f6 22. c5 Ke7 23. Qb1 f5 24. Bg5+ Kf7 25. g4 Kg8 26. Qb3 Re8 27. gxf5 gxf5
28. Rxf5 bxc5 29. Rf7 cxd4 30. cxd4 Qc8 31. Qg3 Qa6+ 32. Ke1 Qa5+ 33. Bd2 Qd5
34. Bh6 Qe4+ 35. Qe3 Qh4+ 36. Qf2 Qxf2+ 37. R1xf2 Nxe5 38. dxe5 gxh6 39. Rxh7
Kxh7 40. Rf7+ Kg6 41. Rxa7 Rc8 42. Ra3 Kf5 43. Re3 Ra8 44. Rc3 Ra6 45. Rc5 Ke4
46. Rc4+ Kxe5 47. Rh4 Rxa2 48. Rxh6 0-1

[Event "DEM U18w 2012"]
[Site "Oberhof GER"]
[Date "2012.05.30"]
[Round "6"]
[White "Mehling, Franziska"]
[Black "Kostre, Margarita"]
[Result "1/2-1/2"]
[Termination "normal"]
[Board "7"]
[WhiteElo "1732"]
[BlackElo "1764"]
[PlyCount "100"]
[WhiteFideId "12900133"]
[BlackFideId "4673344"]
[EventCountry "GER"]
[EventRounds "9"]
[EventType "swiss"]
[EventDate "2012.05.26"]

1. d4 Nf6 2. c4 c5 3. d5 b5 4. cxb5 a6 5. b6 g6 6. Nc3 Qxb6 7. e4 d6 8. Nf3 Bg7
9. a4 O-O 10. a5 Qc7 11. Bc4 Bg4 12. h3 Bxf3 13. Qxf3 Nfd7 14. O-O Ne5 15. Qe2
Nxc4 16. Qxc4 Nd7 17. f4 Rfb8 18. Ra4 Qa7 19. Kh1 Rb7 20. Re1 Rab8 21. Re2 Rb3
22. Qd3 Kf8 23. Ra2 R8b4 24. Be3 Nf6 25. Bf2 Qb7 26. Qc2 Nh5 27. g3 Bd4 28. Kg2
Rc4 29. Qd3 Qb4 30. Rc2 Bxc3 31. bxc3 Rbxc3 32. Rxc3 Rxc3 33. Qe2 Nf6 34. e5
Nxd5 35. exd6 exd6 36. Qxa6 Qe4+ 37. Kh2 Rc1 38. Bg1 Ne3 39. Qxd6+ Kg8 40. Qb8+
Kg7 41. Qe5+ Qxe5 42. fxe5 Nf1+ 43. Kg2 Nxg3 44. Bxc5 Rxc5 45. Kxg3 Rxe5 46. a6
Re8 47. a7 Ra8 48. Kf4 Kf6 49. Ra6+ Ke7 50. Kg5 h5 1/2-1/2

[Event "DEM U18w 2012"]
[Site "Oberhof GER"]
[Date "2012.05.30"]
[Round "6"]
[White "Marx, Inga"]
[Black "Bornschier, Lisa"]
[Result "1-0"]
[Termination "normal"]
[Board "8"]
[WhiteElo "1804"]
[BlackElo "1347"]
[PlyCount "45"]
[WhiteFideId "4654749"]
[BlackFideId "12951927"]
[EventCountry "GER"]
[EventRounds "9"]
[EventType "swiss"]
[EventDate "2012.05.26"]

1. e4 g6 2. d4 Bg7 3. Nc3 b6 4. g3 Bb7 5. Bg2 e6 6. Nge2 d6 7. Be3 Ne7 8. Qd2
h6 9. O-O Nd7 10. f4 Nf6 11. h3 O-O 12. g4 Nd7 13. f5 Kh7 14. Ng3 Ng8 15. g5
hxg5 16. Bxg5 Qc8 17. Rf4 Bxd4+ 18. Qxd4 e5 19. Rh4+ Kg7 20. Qd2 Ba6 21. Bh6+
Nxh6 22. Qxh6+ Kf6 23. Nd5# 1-0

[Event "DEM U18w 2012"]
[Site "Oberhof GER"]
[Date "2012.05.30"]
[Round "6"]
[White "Serif, Amelie"]
[Black "Nolte, Katharina"]
[Result "1-0"]
[Termination "normal"]
[Board "9"]
[WhiteElo "1754"]
[BlackElo "1507"]
[PlyCount "45"]
[BlackFideId "12937584"]
[EventCountry "GER"]
[EventRounds "9"]
[EventType "swiss"]
[EventDate "2012.05.26"]

1. e4 c5 2. Nf3 Nc6 3. Bb5 Nf6 4. Bxc6 bxc6 5. d3 d5 6. e5 Nd7 7. e6 fxe6 8.
Bf4 g6 9. Ne5 Bg7 10. Qe2 Qb6 11. Nxd7 Bxd7 12. Be5 O-O 13. Bxg7 Kxg7 14. b3
Qb4+ 15. c3 Qf4 16. O-O Qf6 17. Qc2 a5 18. Nd2 Bc8 19. c4 Ba6 20. Nf3 Rab8 21.
Qe2 Rb4 22. Ne5 Bb7 23. Nd7 1-0

[Event "DEM U18w 2012"]
[Site "Oberhof GER"]
[Date "2012.05.30"]
[Round "6"]
[White "Dietrich, Mareike"]
[Black "Alt, Elisabeth"]
[Result "1-0"]
[Termination "normal"]
[Board "10"]
[WhiteElo "1433"]
[BlackElo "1554"]
[PlyCount "95"]
[WhiteFideId "12902470"]
[BlackFideId "24692620"]
[EventCountry "GER"]
[EventRounds "9"]
[EventType "swiss"]
[EventDate "2012.05.26"]

1. e4 d5 2. exd5 Qxd5 3. Nc3 Qa5 4. d4 c6 5. Bc4 Bf5 6. Nf3 Nf6 7. O-O e6 8.
Re1 Bb4 9. Bd2 O-O 10. a3 Bxc3 11. Bxc3 Qc7 12. Bb4 Rd8 13. Ba2 Nbd7 14. Rc1
Ne4 15. c4 a5 16. Be7 Re8 17. Bh4 Ndf6 18. d5 Rad8 19. Re2 Rd7 20. Qe1 Qd8 21.
Ne5 Rc7 22. dxc6 bxc6 23. Qxa5 Qd6 24. f3 Nc5 25. Bg3 Nb7 26. Qc3 Qe7 27. Rd1
c5 28. Red2 h6 29. b4 cxb4 30. axb4 Ra8 31. c5 Nd8 32. Nc4 Rca7 33. Bb3 Nd5 34.
Qb2 Nxb4 35. Bd6 Qb7 36. Nb6 Ndc6 37. Nxa8 Rxa8 38. Bg3 Qb5 39. Bd6 Nd3 40. Qc3
Ndb4 41. Bc4 Qb7 42. Rb2 Ra5 43. Bg3 Rxc5 44. Bd6 Qa7 45. Bxc5 Qxc5+ 46. Kh1
Nd5 47. Qc1 Ne3 48. Bxe6 1-0

[Event "DEM U18w 2012"]
[Site "Oberhof GER"]
[Date "2012.05.31"]
[Round "7"]
[White "Sancar, Alina"]
[Black "Schulz, Anja"]
[Result "0-1"]
[Termination "normal"]
[Board "1"]
[WhiteElo "1818"]
[BlackElo "2124"]
[PlyCount "66"]
[WhiteFideId "4624750"]
[BlackFideId "24647845"]
[EventCountry "GER"]
[EventRounds "9"]
[EventType "swiss"]
[EventDate "2012.05.26"]

1. e4 c5 2. Nf3 Nc6 3. d4 cxd4 4. Nxd4 e5 5. Nb5 d6 6. N1c3 a6 7. Na3 Be7 8.
Nc4 b5 9. Ne3 Nf6 10. g3 h5 11. Bg2 h4 12. O-O Rb8 13. Ncd5 h3 14. Bf3 Nxd5 15.
Nxd5 Nd4 16. c3 Nxf3+ 17. Qxf3 Be6 18. Qd3 O-O 19. f4 f5 20. fxe5 dxe5 21.
Nxe7+ Qxe7 22. b3 fxe4 23. Qxe4 Rxf1+ 24. Kxf1 Qf7+ 25. Ke2 Bd5 26. Qe3 Rf8 27.
Ba3 Bf3+ 28. Kd2 Rd8+ 29. Ke1 Qf5 30. Rc1 Rd3 31. Qf2 e4 32. Bc5 e3 33. Bxe3
Qe4 0-1

[Event "DEM U18w 2012"]
[Site "Oberhof GER"]
[Date "2012.05.31"]
[Round "7"]
[White "Zeller, Elisa"]
[Black "Kühnel, Lena"]
[Result "1-0"]
[Termination "normal"]
[Board "2"]
[WhiteElo "1828"]
[BlackElo "1927"]
[PlyCount "135"]
[WhiteFideId "24662410"]
[BlackFideId "24640956"]
[EventCountry "GER"]
[EventRounds "9"]
[EventType "swiss"]
[EventDate "2012.05.26"]

1. e4 c5 2. Nf3 e6 3. d4 cxd4 4. Nxd4 a6 5. Nc3 Qc7 6. Be2 Bb4 7. Qd3 Nf6 8.
Bd2 d6 9. O-O Bc5 10. Nb3 Ba7 11. Qg3 Nbd7 12. Bf4 e5 13. Bg5 Rg8 14. Rad1 h6
15. Be3 Nb6 16. f4 Nbd7 17. Bxa7 Rxa7 18. Kh1 b6 19. Qd3 Ke7 20. Qe3 Bb7 21.
Nd5+ Bxd5 22. exd5 Re8 23. Nd4 Kf8 24. Nc6 Nxd5 25. Rxd5 Qxc6 26. Qd2 exf4 27.
Bf3 Qc4 28. Qd3 Ne5 29. Rxe5 Qxd3 30. Rxe8+ Kxe8 31. cxd3 Rc7 32. Bd1 g5 33.
Kg1 b5 34. Bb3 a5 35. a4 bxa4 36. Bxa4+ Ke7 37. Kf2 Rb7 38. Re1+ Kf6 39. Re2
Rb4 40. b3 Rd4 41. Bb5 Rb4 42. Bc4 a4 43. bxa4 Rxa4 44. Ra2 Rb4 45. h3 Rb7 46.
Kf3 Re7 47. Ra6 Re3+ 48. Kf2 Ke5 49. Ra5+ Kf6 50. Rd5 Re6 51. Rd4 Re7 52. Rxd6+
Kg7 53. Rb6 Rd7 54. Ba6 Ra7 55. Rd6 Rc7 56. d4 Rc2+ 57. Be2 h5 58. Ke1 f5 59.
Rd5 Kf6 60. Rxf5+ Kxf5 61. Bd3+ Ke6 62. Bxc2 Kd5 63. Bg6 g4 64. hxg4 hxg4 65.
Bh5 g3 66. Ke2 Kxd4 67. Kf3 Ke5 68. Bg4 1-0

[Event "DEM U18w 2012"]
[Site "Oberhof GER"]
[Date "2012.05.31"]
[Round "7"]
[White "Evers, Annika"]
[Black "Schrader, Elanor"]
[Result "1/2-1/2"]
[Termination "normal"]
[Board "3"]
[WhiteElo "1763"]
[BlackElo "1597"]
[PlyCount "157"]
[WhiteFideId "24691933"]
[BlackFideId "12951919"]
[EventCountry "GER"]
[EventRounds "9"]
[EventType "swiss"]
[EventDate "2012.05.26"]

1. d4 Nf6 2. Nf3 c5 3. e3 g6 4. Bd3 Bg7 5. c3 O-O 6. Nbd2 d5 7. O-O Nbd7 8. b3
Qc7 9. Bb2 Rd8 10. c4 e5 11. cxd5 Nxd5 12. dxc5 Nxc5 13. Rc1 Nb4 14. Bb1 Qe7
15. Ba3 a5 16. Qe2 e4 17. Ne1 Qe5 18. Nc4 Qg5 19. Bxb4 axb4 20. Nb6 Ra6 21.
Nxc8 Rxc8 22. Bxe4 Rb8 23. Bxb7 Rxb7 24. Rxc5 Qxc5 25. Qxa6 Ra7 26. Qe2 Qa5 27.
Nd3 Qxa2 28. Qxa2 Rxa2 29. Nxb4 Rb2 30. f3 Rxb3 31. Nd5 Rd3 32. e4 Bd4+ 33. Kh1
Kg7 34. h3 Be5 35. Rb1 Bg3 36. Kg1 Rd2 37. Nb6 Rc2 38. Rd1 Bf2+ 39. Kh2 Bxb6
40. Kg3 Bc7+ 41. f4 Rc3+ 42. Kf2 Bxf4 43. Rd5 Bg3+ 44. Ke2 Kf6 45. Rd7 h5 46.
Rb7 h4 47. Rd7 Rc1 48. Rb7 Re1+ 49. Kd3 Rg1 50. Rb6+ Ke5 51. Rb5+ Kf4 52. Rb7
f5 53. exf5 gxf5 54. Rb4+ Kg5 55. Rb2 Be5 56. Re2 Kf4 57. Rf2+ Kg5 58. Re2 Kf4
59. Rf2+ Kg3 60. Rxf5 Bf4 61. Ke2 Rxg2+ 62. Kf1 Bd2 63. Rh5 Rh2 64. Rd5 Kxh3
65. Rd3+ Kg4 66. Kg1 Bf4 67. Rd4 Rc2 68. Rd1 h3 69. Rf1 Be3+ 70. Kh1 Bf4 71.
Rg1+ Kf3 72. Rf1+ Kg3 73. Rg1+ Rg2 74. Re1 Rh2+ 75. Kg1 Rd2 76. Kh1 Bd6 77.
Rg1+ Rg2 78. Rc1 Bf4 79. Rc3+ 1/2-1/2

[Event "DEM U18w 2012"]
[Site "Oberhof GER"]
[Date "2012.05.31"]
[Round "7"]
[White "Schmitt, Katrin"]
[Black "Serif, Amelie"]
[Result "1-0"]
[Termination "normal"]
[Board "6"]
[WhiteElo "1827"]
[BlackElo "1754"]
[PlyCount "35"]
[WhiteFideId "24654400"]
[EventCountry "GER"]
[EventRounds "9"]
[EventType "swiss"]
[EventDate "2012.05.26"]

1. e4 d5 2. exd5 Qxd5 3. Nc3 Qa5 4. d4 Nf6 5. Bd2 Bg4 6. f3 Bf5 7. Bc4 Qb6 8.
Nge2 Nc6 9. Na4 Bxc2 10. Nxb6 Bxd1 11. Nxa8 Bxe2 12. Bxe2 Kd8 13. O-O-O Kc8 14.
Bf4 Nd5 15. Bg3 Kb8 16. Nxc7 Nxc7 17. d5 Nd8 18. Rd4 1-0

[Event "DEM U18w 2012"]
[Site "Oberhof GER"]
[Date "2012.05.31"]
[Round "7"]
[White "Dietrich, Mareike"]
[Black "Mehling, Franziska"]
[Result "0-1"]
[Termination "normal"]
[Board "8"]
[WhiteElo "1433"]
[BlackElo "1732"]
[PlyCount "54"]
[WhiteFideId "12902470"]
[BlackFideId "12900133"]
[EventCountry "GER"]
[EventRounds "9"]
[EventType "swiss"]
[EventDate "2012.05.26"]

1. e4 e6 2. d3 d5 3. Nd2 Nf6 4. e5 Nfd7 5. Ngf3 c5 6. g3 Nc6 7. Qe2 Qc7 8. Bg2
Ndxe5 9. O-O Bd6 10. Nxe5 Nxe5 11. f4 Nc6 12. f5 O-O 13. f6 Be5 14. Rf2 Bxf6
15. Nf1 Qe7 16. Ne3 Ne5 17. Bd2 Ng6 18. c3 Bd7 19. Raf1 Be5 20. Ng4 Bd6 21. Qe1
Bc6 22. Re2 Qc7 23. Qf2 Rad8 24. d4 cxd4 25. Qxd4 Bb5 26. Nh6+ gxh6 27. Bxh6
Bc5 0-1

[Event "DEM U18w 2012"]
[Site "Oberhof GER"]
[Date "2012.05.31"]
[Round "7"]
[White "Nolte, Katharina"]
[Black "Schäfer, Ann-Kathrin"]
[Result "1-0"]
[Termination "normal"]
[Board "9"]
[WhiteElo "1507"]
[BlackElo "1701"]
[PlyCount "35"]
[WhiteFideId "12937584"]
[BlackFideId "24615412"]
[EventCountry "GER"]
[EventRounds "9"]
[EventType "swiss"]
[EventDate "2012.05.26"]

1. e4 e6 2. Nc3 d5 3. Nf3 Nf6 4. e5 Nfd7 5. d4 c5 6. Bg5 Be7 7. Bxe7 Qxe7 8.
Nb5 Qd8 9. Nd6+ Kf8 10. Qd2 Nc6 11. Ng5 Qa5 12. Qxa5 Nxa5 13. Ngxf7 Rg8 14.
dxc5 Nxc5 15. b4 Nd7 16. bxa5 Nc5 17. Bd3 g6 18. O-O 1-0

[Event "DEM U18w 2012"]
[Site "Oberhof GER"]
[Date "2012.05.31"]
[Round "7"]
[White "Bornschier, Lisa"]
[Black "Alt, Elisabeth"]
[Result "1-0"]
[Termination "normal"]
[Board "10"]
[WhiteElo "1347"]
[BlackElo "1554"]
[PlyCount "99"]
[WhiteFideId "12951927"]
[BlackFideId "24692620"]
[EventCountry "GER"]
[EventRounds "9"]
[EventType "swiss"]
[EventDate "2012.05.26"]

1. c4 Nc6 2. Nc3 e5 3. g3 Nf6 4. Bg2 d5 5. cxd5 Nb4 6. Qa4+ Bd7 7. Qb3 Rb8 8.
d3 Bd6 9. Nf3 O-O 10. O-O Re8 11. a3 Na6 12. e4 c6 13. Bg5 h6 14. Bxf6 Qxf6 15.
Qd1 Nc7 16. dxc6 Bxc6 17. b4 Red8 18. Nh4 Bf8 19. Qd2 Qg5 20. f4 Qf6 21. fxe5
Qxe5 22. Nf3 Qd6 23. d4 Nb5 24. d5 Nxc3 25. Qxc3 Bb5 26. Rfe1 Rbc8 27. Qe3 b6
28. Nd4 Be8 29. Nf5 Qe5 30. Rac1 a5 31. Qxb6 axb4 32. axb4 Rb8 33. Qc7 Qf6 34.
Rf1 Qb6+ 35. Qxb6 Rxb6 36. e5 Bxb4 37. d6 Bd7 38. Ne7+ Kf8 39. Bd5 Bxd6 40.
Ng6+ Kg8 41. exd6 Rxd6 42. Bxf7+ Kh7 43. Ne5 Ba4 44. Bh5 Rd2 45. Bg6+ Kg8 46.
Rce1 Bb3 47. Nc6 Ra8 48. Re8+ Rxe8 49. Bxe8 Bd5 50. Ne7+ 1-0